Hình học họa hình
Sách gồm Chương 3 phần trình bày Hình chiếu phối cảnh, Hình chiếu có số, Bóng trên các hình chiếu.
Đã lưu trong:
| Tác giả chính: | |
|---|---|
| Định dạng: | Sách |
| Ngôn ngữ: | Undetermined |
| Được phát hành: |
Hà Nội
Giáo dục Việt Nam
2010
|
| Những chủ đề: | |
| Các nhãn: |
Thêm thẻ
Không có thẻ, Là người đầu tiên thẻ bản ghi này!
|
| Thư viện lưu trữ: | Trung tâm Học liệu Trường Đại học Cần Thơ |
|---|
| LEADER | 00842nam a2200217Ia 4500 | ||
|---|---|---|---|
| 001 | CTU_176938 | ||
| 008 | 210402s9999 xx 000 0 und d | ||
| 020 | |c 28500 | ||
| 082 | |a 516.6 | ||
| 082 | |b D513/T.2 | ||
| 100 | |a Nguyễn, Quang Cự | ||
| 245 | 0 | |a Hình học họa hình | |
| 245 | 0 | |c Nguyễn Quang Cự, Đoàn Như Kim, Dương Tiến Thọ | |
| 260 | |a Hà Nội | ||
| 260 | |b Giáo dục Việt Nam | ||
| 260 | |c 2010 | ||
| 520 | |a Sách gồm Chương 3 phần trình bày Hình chiếu phối cảnh, Hình chiếu có số, Bóng trên các hình chiếu. | ||
| 650 | |a Geometry, descriptive,Hình học, họa hình | ||
| 904 | |i Trọng Hiếu | ||
| 910 | |a Sử dụng Cutter theo Tập 1 (176938) | ||
| 980 | |a Trung tâm Học liệu Trường Đại học Cần Thơ | ||